| 000 | 00000nas##2200000za#4500 |
| 001 | 9.508971 |
| 003 | CaOODSP |
| 005 | 20200331213905 |
| 007 | ta |
| 008 | 150406c1996||||xxc|| m #||||f| |0fre|d |
| 040 | |aCaOODSP|bfre |
| 041 | |aeng |
| 041 | |afre |
| 043 | |an-cn--- |
| 086 | 1 |aBT31-4/1996 |
| 110 | 1 |aCanada. |bConseil du trésor. |
| 245 | 10|aRapport sur le rendement pour la période se terminant le 31 mars 1996 : |bPrésentation améliorée des rapports au Parlement: document pilote |
| 260 | |aOttawa - Ontario : |bSecrétariat du Conseil du Trésor du Canada |
| 546 | |aBilingue |
| 563 | |aCouverture souple |
| 776 | 0#|tRapport sur le rendement pour la période se terminant le 31 mars 1996 |w(CaOODSP)9.502614 |
| 776 | 0#|tPerformance report for the period ending March 31, 1996 |w(CaOODSP)9.506215 |
| 791 | |tPerformance report for the period ending March 31, 1996 : |eeng|w(CaOODSP)9.508970 |